000 02853nam0a2200409 4500
001 RU\NLR\BIBL_A\022629159
005 20251222095647.0
010 _a978-5-7995-1393-1
_950
021 _aRU
_bКН-П-25-045747
_9КН-П-25-4442
035 _a(NLR Aleph) 022629159
090 _a13509515
_c13509515
100 _a20250924d2025 u y0rusy50 ca
101 0 _arus
102 _aRU
105 _aa j 000yy
181 0 _ai
_baxxe
182 0 _an
200 1 _aПроцессы и аппараты химической технологии
_eучебное пособие
_eдля бакалавров, обучающихся по направлениям "Биотехнология", "Химическая технология", "Химическая технология высокомолекулярных соединений"
_f[Валентин Юрьевич Долуда, Максим Евгеньевич Григорьев, Наталия Валерьевна Лакина, Михаил Геннадьевич Сульман]
_gМинобрнауки России, Федеральное государственное бюджетное образовательное учреждение высшего образования "Тверской государственный технический университет" (ТвГТУ)
203 _aТекст
_bвизуальный
_cнепосредственный
210 _aТверь
_cТверской государственный технический университет
_d2025
215 _a183 с.
_cил., табл.
_d21
300 _aАвт. указаны над вып. дан.
320 _aБиблиогр.: с. 181 (12 назв.)
606 1 _aХимическая технология
_xЛабораторная практика
_jУчебные издания для высших учебных заведений
_2nlr_sh2
_3RU\NLR\AUTH\661468174
606 1 _aХимическое оборудование
_xЛабораторная практика
_jУчебные издания для высших учебных заведений
_2nlr_sh2
_3RU\NLR\AUTH\661471585
686 1 _aЛ10я73-5
686 1 _aЛ11-5я73-5
701 1 _aДолуда
_bВ. Ю.
_gВалентин Юрьевич
701 1 _aГригорьев
_bМ. Е.
_cканд. хим. наук
_gМаксим Евгеньевич
_3RU\NLR\AUTH\770288098
701 1 _aЛакина
_bН. В.
_gНаталия Валерьевна
701 1 _aСульман
_bМ. Г.
_gМихаил Геннадьевич
712 0 2 _aТверской государственный технический университет
_3RU\NLR\AUTH\889303
_4475
942 _cBOOK
980 _aNB